What are they saying about Matthew's Sermon on the mount? / (Record no. 119938)
[ view plain ]
| 000 -LEADER | |
|---|---|
| fixed length control field | 00927cam a2200289 a 4500 |
| 001 - CONTROL NUMBER | |
| control field | 4483047 |
| 003 - CONTROL NUMBER IDENTIFIER | |
| control field | ARRUPE |
| 005 - DATE AND TIME OF LATEST TRANSACTION | |
| control field | 20140205105556.0 |
| 008 - FIXED-LENGTH DATA ELEMENTS--GENERAL INFORMATION | |
| fixed length control field | 940627s1994 nyu b 000 0 eng |
| 010 ## - LIBRARY OF CONGRESS CONTROL NUMBER | |
| LC control number | 94002720 |
| 020 ## - INTERNATIONAL STANDARD BOOK NUMBER | |
| International Standard Book Number | 080913473X : |
| 035 ## - SYSTEM CONTROL NUMBER | |
| System control number | (OCoLC)29668770 |
| 035 ## - SYSTEM CONTROL NUMBER | |
| System control number | (OCoLC)ocm29668770 |
| 035 ## - SYSTEM CONTROL NUMBER | |
| System control number | (NNC)4483047 |
| 040 ## - CATALOGING SOURCE | |
| Original cataloging agency | DLC |
| Transcribing agency | DLC |
| Modifying agency | DLC |
| -- | NNUT |
| 050 00 - LIBRARY OF CONGRESS CALL NUMBER | |
| Classification number | BT380.2 |
| Item number | .C35 1994 |
| 090 ## - LOCALLY ASSIGNED LC-TYPE CALL NUMBER (OCLC); LOCAL CALL NUMBER (OCLC) | |
| Classification number (OCLC) (R) ; Classification number, CALL (RLIN) (NR) | BT380.2 |
| Local cutter number (OCLC) ; Book number/undivided call number, CALL (RLIN) | .C35 1994 |
| 300 ## - PHYSICAL DESCRIPTION | |
| Dimensions | 21 cm. |
| 100 1# - MAIN ENTRY--PERSONAL NAME | |
| Personal name | Carter, Warren, |
| Dates associated with a name | 1955- |
| 9 (RLIN) | 7940 |
| 245 10 - TITLE STATEMENT | |
| Title | What are they saying about Matthew's Sermon on the mount? / |
| Statement of responsibility, etc | Warren Carter. |
| 260 ## - PUBLICATION, DISTRIBUTION, ETC. (IMPRINT) | |
| Place of publication, distribution, etc | New York : |
| Name of publisher, distributor, etc | Paulist Press, |
| Date of publication, distribution, etc | c1994. |
| 300 ## - PHYSICAL DESCRIPTION | |
| Extent | vi, 136 p. ; |
| 504 ## - BIBLIOGRAPHY, ETC. NOTE | |
| Bibliography, etc | Includes bibliographical references (p. 130-136). |
| 630 00 - SUBJECT ADDED ENTRY--UNIFORM TITLE | |
| Uniform title | Sermon on the mount |
| General subdivision | Criticism, interpretation, etc. |
| -- | History. |
| 9 (RLIN) | 7941 |
| 630 00 - SUBJECT ADDED ENTRY--UNIFORM TITLE | |
| Uniform title | Sermon on the mount |
| General subdivision | Criticism, Redaction. |
| 9 (RLIN) | 7942 |
| 942 ## - ADDED ENTRY ELEMENTS (KOHA) | |
| Source of classification or shelving scheme | Library of Congress Classification |
| Koha item type | Monograph ( Printed materials) |
| Withdrawn status | Lost status | Source of classification or shelving scheme | Damaged status | Not for loan | Collection code | Home library | Current library | Shelving location | Date acquired | Total Checkouts | Full call number | Barcode | Date last seen | Price effective from | Koha item type |
|---|---|---|---|---|---|---|---|---|---|---|---|---|---|---|---|
| Library of Congress Classification | Main Collection | ARRUPE LIBRARY | ARRUPE LIBRARY | Main Collection | 05/02/2014 | BT380.2 .C35 1994 | 464123437 | 01/12/2016 | 05/02/2014 | Monograph ( Printed materials) |